| 000 | 00589nam a2200205Ia 4500 | ||
|---|---|---|---|
| 005 | 20250508164207.0 | ||
| 008 | 008 250505s9999 xx 000 0 eng d | ||
| 020 | _a0-7619-3317-4 | ||
| 037 | _aReference | ||
| 040 |
_aFEDL _beng _cFEDL |
||
| 041 |
_aeng _2eng |
||
| 084 |
_a370.19, KRI _qFEDL |
||
| 100 | _aKrishna Kumar | ||
| 245 | 0 | _aPolitical agenda of education: A study of colonialist and nationalist ideas | |
| 250 | _a2 | ||
| 260 |
_aNew Delhi, India _bSage Publications _c2005 |
||
| 300 | _a223p | ||
| 942 |
_cREF _h370.19, KRI |
||
| 999 |
_c1387502 _d1387502 |
||